000 00731nam a2200229 a 4500
001 000023997
005 20240530073919.0
008 110118t2010 dr 001 0 spa d
020 _a9789945003420
040 _aDO-SdBNP
_bspa
_cBNPHU
082 _aRD863.44
_bS787a, 2010
100 1 _aStanley, Avelino,
_d1959-
_91536
245 1 0 _aAl fin del mundo me iré :
_bnovela /
_cAvelino Stanley.
250 _a2a. ed.
260 _aSanto Domingo :
_bCocolo,
_c2010.
300 _a239 p. ;
_c22 cm.
500 _aIncluye datos biográficos del autor en la contracubierta.
590 _aInventariado, 2019/VM
650 0 _aNovela dominicana
_9223
650 0 _aLiteratura dominicana.
_967
910 _aValidado. Control de calidad EMS
999 _c23492
_d23492